000 00974cam a22002533a 4500
001 15496
003 PGUSA
005 20140828083330.0
008 050329s2005||||xxu|||||s|||||000 1 eng d
040 _aPGUSA
_beng
042 _adc
050 4 _aPS
100 1 _aAndrews, Mary Raymond Shipman,
_d1860-1936
245 1 4 _aThe Militants :
_bStories of Some Parsons, Soldiers, and Other Fighters in the World
_h[electronic resource] /
_cMary Raymond Shipman Andrews
260 _bProject Gutenberg,
_c2005
505 0 _aThe bishop's silence -- The witnesses -- The diamond brooches -- Crowned with glory and honor -- A messenger -- The aide-de-camp -- Through the ivory gate -- The wife of the governor -- The little revenge.
506 _aPublic domain in the USA.
516 _aElectronic text
653 _aClergy -- Fiction
653 _aSoldiers -- Fiction
830 0 _aProject Gutenberg
_v15496
856 4 0 _uhttp://www.gutenberg.org/ebooks/15496
942 _cEB
999 _c244751
_d244751